000 00563nam a2200181Ia 4500
005 20250326142639.0
008 250326s9999 xx 000 0 und d
037 _aTextbook
040 _aFMSL
_beng
_cFMSL
041 _aeng
_2eng
084 _aX:74p.1N90 N3
_qFMSL
100 _aNeelamegham S Ed.
245 0 _aInternational Seminars an globalisation of Business challenges of the 90s
_cNeelamegham S Ed.
260 _aDelhi
_bDelhi, S.PJ.A.R.C. FMSL
_c1992
300 _aviii,255
942 _cTB
_hX:74p.1N90 N3
999 _c1295995
_d1295995